AH International Schools' Libraries

(Khmer) 11 tips to be a successful student/ (Record no. 45918)

MARC details
000 -LEADER
fixed length control field 00282nam a2200097 4500
020 ## - INTERNATIONAL STANDARD BOOK NUMBER
International Standard Book Number 9789924341819
245 ## - TITLE STATEMENT
Title (Khmer) 11 tips to be a successful student/
Statement of responsibility, etc Jacqueline Kergueno and Lach Ratana.
260 ## - PUBLICATION, DISTRIBUTION, ETC. (IMPRINT)
Place of publication, distribution, etc Cambodia:
Name of publisher, distributor, etc Sipar;
300 ## - PHYSICAL DESCRIPTION
Extent 50 p.
Other physical details col. ill.
942 ## - ADDED ENTRY ELEMENTS (KOHA)
Source of classification or shelving scheme
Koha item type Khmer NON FIC Books
Holdings
Withdrawn status Lost status Source of classification or shelving scheme Damaged status Not for loan Home library Current library Date acquired Total Checkouts Full call number Barcode Date last seen Date checked out Price effective from Koha item type
          Asian Hope Secondary Library Asian Hope Secondary Library 09/25/2023 15 KHMER 371.3 KER 205126 04/30/2026 04/23/2026 09/25/2023 Khmer NON FIC Books

For any Logos Library related questions please contact Miss Art at swongnarasuk@asianhope.org.

For any Asian Hope Library related questions please contact Miss Raza at graza@asianhope.org.

Powered by Koha